000 01176nam a2200313 a 4500
999 _c388928
_d388928
003 BLK
005 20250625180755.0
008 200928b bu ||||| |||| 00| 0 bu d
020 _a9786197419184
040 _aBLK
041 _aBUL
_cBUL
080 _aФутбол
_b796.332
_x(092)
_z796.332(092)
080 _aДиего Марадона. Аржентински футболист
_b92 Марадона, Диего
_z92 Марадона, Диего
100 _aБърнс, Джими
_eпърви автор
_91299
139 _aБърнс, Джими
_bМ 29
245 _aМарадона - Божията ръка
_cДжими Бърнс ; прев. [от англ.], послесл. Сибин Майналовски
257 _aBGR
260 _9221582
_aСофия
_bHybrid Books
_c2020
300 _a368 с.
_c21 см
380 _a79
600 1 4 _9222349
_aМарадона, Диего Армандо
650 0 _9256735
_aФутболисти, аржентински
653 7 _9199648
_aфутбол
852 _aЦб 303987
_bЦб
942 _cKNG
_n0
_s1
_017
999 _d388928
999 _d388928
944 _k30535
_lХристина Везирева